| 000 | 00426nam a2200145 a 4500 | ||
|---|---|---|---|
| 001 | 5239 | ||
| 003 | CDMR | ||
| 005 | 20130227093336.0 | ||
| 008 | 130130s2006||||||||||||||||||||||||||||d | ||
| 040 |
_aCDMR _bcat _cCDMR |
||
| 245 | 0 | 0 |
_aMirades paral·leles _b: la fotografia realista a Itàlia i Espanya: del 20 de juny al 3 de setembre de 2006 |
| 260 |
_aBarcelona _c2006 _bMNAC |
||
| 500 | _aCatàleg d'exposició | ||
| 942 |
_cMON _2ddc |
||
| 999 |
_c5239 _d5239 |
||